[Event "ICS rated blitz match"]
[Site "204.178.125.65"]
[Date "2000.03.07"]
[Round "?"]
[White "Muskovit3"]
[Black "Hossa"]
[Result "1-0"]
[WhiteElo "2440"]
[BlackElo "2485"]
[PlyCount "97"]

1. e4 e5 2. Nf3 Nc6 3. Bb5 a6 4. Ba4 Nf6 5. O-O Be7 6. Re1 b5 7. Bb3 O-O 8. c3
d5 9. exd5 Nxd5 10. Nxe5 Nxe5 11. Rxe5 c6 12. d4 Bd6 13. Re1 Qh4 14. g3 Qh3 15.
Be3 Bg4 16. Qd3 Rae8 17. Nd2 Re6 18. a4 f5 19. Qf1 Qh5 20. f4 bxa4 21. Rxa4
Rfe8 22. Rxa6 Kh8 23. Bxd5 cxd5 24. Qb5 Rh6 25. Nf1 Bf3 26. Bd2 Rg8 27. Kf2 Be4
28. Qe2 Qh3 29. Kg1 Rb8 30. b4 Rc8 31. b5 Re6 32. Ne3 Rh6 33. b6 Rd8 34. b7 Rb8
35. Rc6 Rg8 36. Rc8 Rg6 37. Ra1 Rxg3+ 38. hxg3 Qh1+ 39. Kf2 Qxa1 40. Nxf5 Qa3
41. Bc1 Qa7 42. Nxd6 g6 43. Qb5 Qa2+ 44. Ke1 Qf2+ 45. Kxf2 Bf5 46. Nxf5 h6 47.
Rxg8+ Kxg8 48. Qd7 gxf5 49. b8=Q# 1-0

[Event "ICS rated blitz match"]
[Site "204.178.125.65"]
[Date "2000.03.07"]
[Round "?"]
[White "Hossa"]
[Black "Muskovit3"]
[Result "1/2-1/2"]
[WhiteElo "2467"]
[BlackElo "2458"]
[PlyCount "145"]

1. d4 Nf6 2. c4 e6 3. g3 d5 4. Bg2 Be7 5. Nf3 O-O 6. O-O dxc4 7. Qc2 a6 8. Qxc4
b5 9. Qc2 Bb7 10. Bd2 Be4 11. Qc1 Bb7 12. Bf4 Nd5 13. Nc3 Nxf4 14. Qxf4 Qd6 15.
Ne5 Bxg2 16. Kxg2 f5 17. Rfd1 Nd7 18. Kg1 b4 19. Na4 Rfd8 20. Nd3 Qc6 21. Nac5
Nxc5 22. dxc5 a5 23. Rac1 Rd5 24. Rd2 Rad8 25. b3 Bf6 26. Rc4 Rd4 27. Rxd4 Rxd4
28. Qe3 Qe4 29. Rd1 Rd5 30. Rf1 c6 31. Qd2 Kf8 32. Rc1 Bc3 33. Qd1 e5 34. Qf1
Kg8 35. Rb1 f4 36. Rd1 f3 37. e3 Qf5 38. h3 Qc8 39. Nc1 Rxc5 40. Nd3 Rd5 41. e4
Rd6 42. Nc5 Bd4 43. Rc1 Rg6 44. Kh2 Rh6 45. Nd3 Qe6 46. Ne1 Rf6 47. Qd3 Qf7 48.
Rc2 Kf8 49. Rd2 c5 50. Qb5 Qc7 51. Nd3 Rc6 52. Qc4 Rd6 53. Ne1 Rf6 54. Qd5 g6
55. Rd3 Bxf2 56. Rxf3 Kg7 57. Rxf6 Kxf6 58. Nf3 Bd4 59. Qg8 Qf7 60. Qh8+ Ke7
61. Kg2 Kd6 62. Qd8+ Kc6 63. Qxa5 Qb7 64. Qd8 Qb5 65. Nxe5+ Bxe5 66. Qe8+ Kb6
67. Qe6+ Ka5 68. Qxe5 Qe2+ 69. Kg1 Qe1+ 70. Kg2 Qe2+ 71. Kg1 Qe1+ 72. Kg2 Qe2+
73. Kg1 1/2-1/2

[Event "ICS rated blitz match"]
[Site "204.178.125.65"]
[Date "2000.03.07"]
[Round "?"]
[White "MissSilicon"]
[Black "Hossa"]
[Result "1-0"]
[WhiteElo "2681"]
[BlackElo "2467"]
[PlyCount "161"]

1. Nf3 d5 2. c4 e6 3. g3 Nf6 4. Bg2 dxc4 5. Qa4+ Nbd7 6. O-O Bd6 7. Nc3 O-O 8.
Qxc4 Nb6 9. Qh4 Nfd5 10. Qxd8 Rxd8 11. e4 Nxc3 12. dxc3 Bd7 13. e5 Be7 14. Nd4
c5 15. Bxb7 cxd4 16. Bxa8 Rxa8 17. cxd4 Rc8 18. f4 Nd5 19. Rd1 Bb4 20. Bd2 Rc2
21. Bxb4 Nxb4 22. a3 Nd5 23. Rab1 h5 24. Rd3 Bb5 25. Rb3 a6 26. Rd1 Nb6 27. h3
Nc4 28. Rc3 Rxb2 29. d5 exd5 30. Rxd5 Ra2 31. Rdd3 g6 32. Kh1 Kg7 33. Kg1 a5
34. g4 h4 35. g5 a4 36. Rd4 Nxa3 37. e6 fxe6 38. Rc7+ Kf8 39. Rd8+ Be8 40. Rcc8
Nb5 41. Rxe8+ Kf7 42. Rh8 Ke7 43. Rxh4 Nd4 44. Rh7+ Kd6 45. Rd8+ Kc5 46. Kf1
Ne2 47. Rc7+ Kb6 48. Rf7 Kc5 49. Rg8 Ng3+ 50. Ke1 Ra1+ 51. Kf2 Ne4+ 52. Kg2 Kd4
53. Rd7+ Ke3 54. Rgd8 Ra2+ 55. Kg1 Kxf4 56. Rf7+ Kxg5 57. h4+ Kh5 58. Rf4 Ra1+
59. Kg2 Ra2+ 60. Kf3 Nd2+ 61. Ke3 g5 62. Rh8+ Kg6 63. Rg8+ Kh7 64. Rxg5 a3 65.
Rf7+ Kh6 66. Rf6+ Kh7 67. Rc5 Rb2 68. Rc7+ Kg8 69. Rxe6 Kf8 70. Ra6 Nf1+ 71.
Kd3 Rd2+ 72. Kc3 Ke8 73. Rh6 Rf2 74. Rhh7 Kd8 75. Ra7 Rf3+ 76. Kb4 Rf4+ 77.
Kxa3 Rf3+ 78. Kb2 Rb3+ 79. Kxb3 Nd2+ 80. Kb4 Ne4 81. Ra8# 1-0

[Event "ICS rated bullet match"]
[Site "204.178.125.65"]
[Date "2000.03.07"]
[Round "?"]
[White "Hossa"]
[Black "monkey"]
[Result "1-0"]
[WhiteElo "2421"]
[BlackElo "2200"]
[PlyCount "53"]

1. e4 e5 2. Nf3 Nc6 3. Bc4 Bc5 4. c3 Nf6 5. d4 exd4 6. cxd4 Bb4+ 7. Nc3 d6 8.
O-O Bg4 9. Bg5 O-O 10. Nd5 Ba5 11. Nxf6+ gxf6 12. Bh6 Re8 13. Qb3 Qd7 14. d5
Bxf3 15. dxc6 Qg4 16. Bxf7+ Kh8 17. Qxf3 Qxf3 18. gxf3 Re7 19. cxb7 Rb8 20. Bd5
c6 21. Bxc6 Rg8+ 22. Kh1 Bc7 23. Bd5 Rg6 24. Rac1 Rxh6 25. b8=Q+ Bxb8 26. Rc8+
Kg7 27. Rg8# 1-0

[Event "ICS rated blitz match"]
[Site "204.178.125.65"]
[Date "2000.03.07"]
[Round "?"]
[White "Tim"]
[Black "Hossa"]
[Result "1/2-1/2"]
[WhiteElo "2251"]
[BlackElo "2460"]
[PlyCount "42"]

1. e4 e6 2. Nc3 Nc6 3. d4 Nf6 4. e5 Nd5 5. Nf3 Be7 6. Ne4 f5 7. exf6 Nxf6 8.
Nxf6+ Bxf6 9. c3 O-O 10. Bd3 d6 11. Qc2 g6 12. Bh6 Bg7 13. Bxg7 Kxg7 14. O-O-O
Qf6 15. h4 Qf4+ 16. Kb1 Qg4 17. Rh3 Qh5 18. Rg3 Bd7 19. Rg5 Qh6 20. Rg3 Qh5 21.
Rg5 Qh6 1/2-1/2

[Event "ICS rated blitz match"]
[Site "204.178.125.65"]
[Date "2000.03.07"]
[Round "?"]
[White "Hossa"]
[Black "warps"]
[Result "0-1"]
[WhiteElo "2451"]
[BlackElo "2585"]
[PlyCount "188"]

1. e4 e5 2. Nf3 Nc6 3. Bc4 Nf6 4. Ng5 d5 5. exd5 Na5 6. Bb5+ c6 7. dxc6 bxc6 8.
Be2 h6 9. Nf3 e4 10. Ne5 Bd6 11. f4 exf3 12. Nxf3 O-O 13. d4 c5 14. O-O Nc6 15.
c3 Re8 16. Bb5 Bd7 17. d5 Ne5 18. Bxd7 Qxd7 19. Na3 Nxf3+ 20. Rxf3 Ng4 21. g3
Re4 22. Qd3 Re1+ 23. Rf1 Rae8 24. Nc4 R8e2 25. Bf4 Nf2 26. Raxe1 Nxd3 27. Rxe2
Bxf4 28. gxf4 Qxd5 29. Ne5 Qe6 30. Rd2 Nxf4 31. Rxf4 Qxe5 32. Rdf2 f6 33. Ra4
Qe7 34. Raf4 Kf7 35. Kg2 Qe6 36. Rf5 c4 37. Rc5 Qg4+ 38. Kf1 Qd1+ 39. Kg2 Qd6
40. Ra5 Qc6+ 41. Kg1 a6 42. h3 Qb6 43. Raf5 Qd6 44. R5f4 Qe6 45. h4 h5 46. Rd4
Kg8 47. Kg2 g5 48. hxg5 fxg5 49. Rfd2 Kg7 50. Rd7+ Kf8 51. Ra7 Qe4+ 52. Kf1
Qh1+ 53. Ke2 Qg2+ 54. Ke3 Qg3+ 55. Ke2 Qe5+ 56. Kf1 Qa5 57. Kg2 Ke8 58. Re2+
Kd8 59. Rd2+ Kc8 60. Rh7 Qf5 61. Re7 Qc5 62. Rh7 Qc6+ 63. Kg3 Qe4 64. Rh8+ Kb7
65. Rhd8 h4+ 66. Kf2 Qf4+ 67. Kg2 Qg3+ 68. Kf1 h3 69. R8d4 h2 70. Rxh2 Qxh2 71.
Rxc4 a5 72. Rc5 Qxb2 73. a4 Kb6 74. Re5 Qxc3 75. Rb5+ Ka6 76. Kg2 Qc6+ 77. Kf2
Qxb5 78. Ke3 Qxa4 79. Kd3 Qc4+ 80. Ke3 Kb5 81. Kf3 Qe2+ 82. Kg3 Qg2+ 83. Kxg2
a4 84. Kh3 a3 85. Kg4 a2 86. Kf5 Kc4 87. Kxg5 a1=Q 88. Kf5 Kd4 89. Kf6 Ke4+ 90.
Ke6 Qe5+ 91. Kf7 Kf5 92. Kg8 Kf6 93. Kh8 Kg6+ 94. Kg8 Qg7# 0-1

[Event "ICS rated blitz match"]
[Site "204.178.125.65"]
[Date "2000.03.07"]
[Round "?"]
[White "Hossa"]
[Black "Tyrisha"]
[Result "1-0"]
[WhiteElo "2441"]
[BlackElo "2191"]
[PlyCount "54"]

1. e4 e5 2. Nf3 Nc6 3. Bb5 a6 4. Ba4 Nf6 5. O-O Be7 6. Re1 b5 7. Bb3 O-O 8. c3
d5 9. exd5 Nxd5 10. Nxe5 Nxe5 11. Rxe5 c6 12. d4 Bd6 13. Re1 Qh4 14. g3 Qh3 15.
Be3 Bg4 16. Qd3 Rae8 17. Nd2 f5 18. f4 g5 19. Qf1 Qh5 20. Qg2 Rxe3 21. Bxd5+
Kh8 22. Rxe3 gxf4 23. Re6 fxg3 24. Rxd6 gxh2+ 25. Qxh2 Qg5 26. Qe5+ Qg7 27.
Qxg7+ Kxg7 1-0

[Event "ICS rated blitz match"]
[Site "204.178.125.65"]
[Date "2000.03.07"]
[Round "?"]
[White "Tyrisha"]
[Black "Hossa"]
[Result "0-1"]
[WhiteElo "2185"]
[BlackElo "2447"]
[PlyCount "51"]

1. e4 e5 2. Nf3 Nc6 3. Bc4 Bc5 4. c3 Nf6 5. O-O Nxe4 6. d4 exd4 7. cxd4 Be7 8.
Re1 d5 9. Bb5 O-O 10. Bxc6 bxc6 11. Ne5 Bb7 12. f3 Nd6 13. Nc3 Re8 14. Bf4 Bf6
15. Qd2 Qc8 16. Re2 Nf5 17. Rae1 Ba6 18. Nxc6 Bxe2 19. Rxe2 Rxe2 20. Qxe2 Nxd4
21. Nxd4 Bxd4+ 22. Kh1 Bxc3 23. bxc3 Qf5 24. Qe3 Qb1+ 25. Qg1 Qxa2 26. Bd6 0-1

[Event "ICS rated blitz match"]
[Site "204.178.125.65"]
[Date "2000.03.07"]
[Round "?"]
[White "Hossa"]
[Black "Tyrisha"]
[Result "1-0"]
[WhiteElo "2453"]
[BlackElo "2179"]
[PlyCount "37"]

1. e4 e5 2. Nf3 Nc6 3. Bc4 Nf6 4. Ng5 Nxe4 5. Nxf7 Qh4 6. O-O Bc5 7. Nxh8 Bxf2+
8. Rxf2 Qxf2+ 9. Kh1 Qh4 10. Bf7+ Ke7 11. g3 Nxg3+ 12. Kg2 Ne4 13. d3 Qf2+ 14.
Kh1 d5 15. Bxd5 Bg4 16. Bg5+ Kd6 17. Nf7+ Kxd5 18. dxe4+ Ke6 19. Qd5# 1-0

[Event "ICS rated blitz match"]
[Site "204.178.125.65"]
[Date "2000.03.07"]
[Round "?"]
[White "poodledough"]
[Black "Hossa"]
[Result "1-0"]
[WhiteElo "2870"]
[BlackElo "2458"]
[PlyCount "135"]

1. d4 d5 2. c4 e6 3. Nc3 Nf6 4. Bg5 Be7 5. Nf3 c6 6. e3 O-O 7. cxd5 exd5 8. Bd3
Bg4 9. h3 Be6 10. O-O Nbd7 11. Nd2 Bd6 12. Qf3 Qc7 13. Rac1 Rae8 14. Nb5 Bh2+
15. Kh1 Qa5 16. Rc2 cxb5 17. Kxh2 Rc8 18. Rfc1 Rxc2 19. Rxc2 Qxa2 20. Bxb5 Qa1
21. Qe2 Bf5 22. Rc7 Qxb2 23. Rxb7 Qa1 24. Bf4 Nb6 25. Bb8 Nc8 26. Ba6 Qc1 27.
Bxa7 Nxa7 28. Rxa7 Qa1 29. Nb3 Qb1 30. Rb7 Re8 31. Nc5 Qa1 32. Bb5 Rc8 33. Qf3
Bg6 34. Nd7 Nxd7 35. Rxd7 Rf8 36. Qxd5 Qc3 37. Bc4 Qb4 38. Rb7 Qc3 39. Qd6 h6
40. Rc7 Qa5 41. Rc5 Qb4 42. Qxg6 Qxc4 43. Qxg7+ Kxg7 44. Rxc4 Rb8 45. g4 Rb1
46. h4 Rd1 47. Kg3 Ra1 48. f3 Ra3 49. Kf4 Ra6 50. d5 Rf6+ 51. Ke4 Rb6 52. h5
Rb7 53. d6 Rd7 54. Kd5 Ra7 55. Kc6 Ra6+ 56. Kc7 Ra7+ 57. Kb6 Rd7 58. Kc6 Rd8
59. d7 f6 60. Kd6 f5 61. gxf5 Kf6 62. Rc8 Rxd7+ 63. Kxd7 Kxf5 64. Rg8 Kf6 65.
Kd6 Kf7 66. Rg6 Ke8 67. Rf6 Kd8 68. Rf8# 1-0

[Event "ICS rated blitz match"]
[Site "204.178.125.65"]
[Date "2000.03.07"]
[Round "?"]
[White "PostModernist"]
[Black "Hossa"]
[Result "1-0"]
[WhiteElo "2627"]
[BlackElo "2455"]
[PlyCount "111"]

1. d4 d5 2. Nf3 Nf6 3. e3 e6 4. c4 Be7 5. Nc3 O-O 6. a3 Nbd7 7. b4 Re8 8. cxd5
exd5 9. Bd3 Nb6 10. O-O Bg4 11. Qe2 Bd6 12. h3 Bh5 13. g4 Bg6 14. Bxg6 fxg6 15.
Bb2 Ne4 16. Rfe1 Nxc3 17. Bxc3 Qf6 18. a4 Rf8 19. Ne5 Bxe5 20. dxe5 Qh4 21. Kg2
Rae8 22. f4 g5 23. f5 c6 24. e6 a6 25. a5 Nc8 26. e4 Ne7 27. Qf2 Qh6 28. Qa7
dxe4 29. Qxb7 Nd5 30. Be5 e3 31. Qxa6 Nxb4 32. Qc4 Nd5 33. Qxc6 Nf4+ 34. Bxf4
gxf4 35. Qf3 Rb8 36. a6 Rb2+ 37. Re2 Qf6 38. Ra2 Rxe2+ 39. Rxe2 Qd4 40. a7 Qxa7
41. Qxf4 Qb7+ 42. Kg3 Qb1 43. e7 Re8 44. Qc4+ Kh8 45. Qf7 Qb8+ 46. Kh4 Qa8 47.
Rxe3 h6 48. f6 gxf6 49. Qxf6+ Kg8 50. Qg6+ Kh8 51. Qxh6+ Kg8 52. Qg6+ Kh8 53.
Re5 Qd5 54. Rxd5 Rxe7 55. Rd8+ Re8 56. Rxe8# 1-0

[Event "ICS rated blitz match"]
[Site "204.178.125.65"]
[Date "2000.03.07"]
[Round "?"]
[White "Hossa"]
[Black "poodledough"]
[Result "0-1"]
[WhiteElo "2446"]
[BlackElo "2874"]
[PlyCount "76"]

1. e4 c5 2. Nf3 e6 3. d4 cxd4 4. Nxd4 a6 5. Bd3 g6 6. O-O Bg7 7. Be3 Ne7 8. Nd2
d5 9. c3 O-O 10. exd5 Nxd5 11. Qc2 Qc7 12. Rad1 Rd8 13. Ne2 Nd7 14. Nc4 b5 15.
Nd2 Nxe3 16. fxe3 Ne5 17. Nf3 Ng4 18. Bxg6 f5 19. Rxd8+ Qxd8 20. Bxf5 exf5 21.
Nf4 Nxe3 22. Qb3+ Nc4 23. Rf2 Qe7 24. g3 Bb7 25. Ng2 Bxf3 26. Rxf3 Qc5+ 27. Rf2
Rd8 28. Kf1 Qd5 29. Kg1 Bf8 30. Rf1 Qc5+ 31. Kh1 Rd2 32. a4 Qd5 33. Rg1 Bc5 34.
axb5 Bxg1 35. Qxc4 Qxc4 36. Kxg1 Rd1+ 37. Kf2 Qf1+ 38. Ke3 Rd3# 0-1

[Event "ICS rated bullet match"]
[Site "204.178.125.65"]
[Date "2000.03.07"]
[Round "?"]
[White "Hossa"]
[Black "carbide"]
[Result "1-0"]
[WhiteElo "2437"]
[BlackElo "2292"]
[PlyCount "111"]

1. e4 e6 2. d4 d5 3. Nc3 Nf6 4. e5 Nfd7 5. f4 c5 6. Nf3 Nc6 7. Be3 cxd4 8. Nxd4
Bc5 9. Qd2 O-O 10. O-O-O a6 11. h4 Nxd4 12. Bxd4 b5 13. Rh3 b4 14. Na4 Bxd4 15.
Qxd4 Qa5 16. b3 Bb7 17. h5 Bc6 18. h6 g6 19. c4 bxc3 20. Qxc3 Qxc3+ 21. Nxc3
Rfc8 22. a3 Nc5 23. Kc2 Rab8 24. b4 Na4 25. Rd4 Nxc3 26. Rxc3 Bb5 27. Bxb5 axb5
28. Rdd3 Kf8 29. g4 Ke7 30. Rc5 Kd7 31. Rdc3 Kd8 32. Kd3 Kd7 33. Ke3 Kd8 34.
Kd4 Kd7 35. g5 Kd8 36. Ke3 Kd7 37. Ke2 Rxc5 38. bxc5 Kc6 39. Ke3 Ra8 40. Kf2
Ra4 41. Kf3 Rd4 42. Kg4 Ra4 43. Kf3 b4 44. axb4 Rxb4 45. Ra3 Kxc5 46. Ra7 Rb3+
47. Kg4 d4 48. Rxf7 d3 49. Rxh7 d2 50. Rd7 Rb2 51. h7 d1=Q+ 52. Rxd1 Rh2 53.
Rd6 Rxh7 54. Rxe6 Rg7 55. f5 Kd5 56. Rd6+ 1-0

[Event "ICS rated bullet match"]
[Site "204.178.125.65"]
[Date "2000.03.07"]
[Round "?"]
[White "carbide"]
[Black "Hossa"]
[Result "0-1"]
[WhiteElo "2282"]
[BlackElo "2447"]
[PlyCount "24"]

1. Nf3 d5 2. g3 Nf6 3. Bg2 Bf5 4. O-O e6 5. d3 Nc6 6. Nbd2 Be7 7. b3 O-O 8. Bb2
Qd6 9. c4 d4 10. a3 e5 11. Ng5 Ng4 12. b4 Bxg5 0-1

[Event "ICS rated bullet match"]
[Site "204.178.125.65"]
[Date "2000.03.07"]
[Round "?"]
[White "Hossa"]
[Black "carbide"]
[Result "1-0"]
[WhiteElo "2456"]
[BlackElo "2273"]
[PlyCount "77"]

1. d4 e6 2. c4 Nf6 3. Nc3 Bb4 4. e3 O-O 5. Bd2 Bxc3 6. Bxc3 Ne4 7. Nf3 Nxc3 8.
bxc3 d6 9. Bd3 Qe7 10. O-O Nd7 11. Rb1 e5 12. Bf5 g6 13. Bxd7 Bxd7 14. Rxb7 Bc6
15. Rb4 Bxf3 16. Qxf3 e4 17. Qh3 f6 18. Rfb1 f5 19. Qh6 Qg7 20. Qxg7+ Kxg7 21.
Rb7 Rf7 22. h4 h6 23. d5 Kf6 24. a4 Re7 25. a5 Rf7 26. Rb8 Rf8 27. Rxf8+ Rxf8
28. Rb7 Ra8 29. Rxc7 Rb8 30. Rd7 Rb3 31. Rxd6+ Kf7 32. Rd7+ Kf6 33. Rxa7 Rxc3
34. Rc7 Ra3 35. Rc6+ Kf7 36. a6 Ra5 37. c5 Ra1+ 38. Kh2 Ra2 39. Rc7+ 1-0

[Event "ICS rated bullet match"]
[Site "204.178.125.65"]
[Date "2000.03.07"]
[Round "?"]
[White "carbide"]
[Black "Hossa"]
[Result "0-1"]
[WhiteElo "2265"]
[BlackElo "2464"]
[PlyCount "62"]

1. d4 d5 2. c4 e6 3. Nc3 Be7 4. cxd5 exd5 5. Bf4 Nf6 6. e3 O-O 7. Nf3 Re8 8.
Be2 Nh5 9. Bg3 Nc6 10. O-O Nxg3 11. hxg3 Be6 12. Qd2 Qd6 13. a3 Na5 14. Qc2 Nc6
15. Qd2 Rab8 16. b4 Ra8 17. Rfc1 a6 18. Rab1 Bf5 19. Bd3 Qg6 20. Bxf5 Qxf5 21.
Na4 Qh5 22. Nc5 Bxc5 23. Rxc5 Re6 24. Rbc1 Re4 25. Qe2 g6 26. R5c2 Re7 27. Ne1
Qxe2 28. Rxe2 Nxd4 29. exd4 Rxe2 30. Nf3 Rc8 31. Ne5 Kg7 0-1

[Event "ICS rated bullet match"]
[Site "204.178.125.65"]
[Date "2000.03.07"]
[Round "?"]
[White "PostModernist"]
[Black "Hossa"]
[Result "1-0"]
[WhiteElo "2456"]
[BlackElo "2479"]
[PlyCount "67"]

1. c4 c5 2. Nf3 Nf6 3. Nc3 d5 4. cxd5 Nxd5 5. e4 Nb4 6. Bc4 Nd3+ 7. Ke2 Nf4+ 8.
Kf1 Ne6 9. b4 g6 10. bxc5 Bg7 11. Bxe6 Bxe6 12. d4 Nc6 13. Be3 Qa5 14. Qd2 Bc4+
15. Kg1 O-O 16. Rb1 b6 17. cxb6 axb6 18. h3 Rfc8 19. a4 f5 20. exf5 gxf5 21.
Kh2 Rd8 22. Rhc1 f4 23. Bxf4 Nxd4 24. Qe3 Nb3 25. Be5 Nxc1 26. Qg5 Qxe5+ 27.
Nxe5 Na2 28. Nxa2 Rd5 29. Qg4 Bxa2 30. Qe6+ Kh8 31. Nf7+ Kg8 32. Nh6+ Kh8 33.
Qg8+ Rxg8 34. Nf7# 1-0

[Event "ICS rated bullet match"]
[Site "204.178.125.65"]
[Date "2000.03.07"]
[Round "?"]
[White "Hossa"]
[Black "PostModernist"]
[Result "1/2-1/2"]
[WhiteElo "2462"]
[BlackElo "2473"]
[PlyCount "37"]

1. d4 d5 2. c4 e6 3. Nc3 Be7 4. Nf3 Nf6 5. Bf4 c5 6. cxd5 exd5 7. Bxb8 Rxb8 8.
Qa4+ Bd7 9. Qxa7 b6 10. e3 Ra8 11. Qb7 Rb8 12. Qa6 O-O 13. Bb5 Ra8 14. Qb7 Rb8
15. Qa7 Ra8 16. Qb7 Rb8 17. Qa7 Ra8 18. Qb7 Rb8 19. Qa7 1/2-1/2

[Event "ICS rated bullet match"]
[Site "204.178.125.65"]
[Date "2000.03.07"]
[Round "?"]
[White "PostModernist"]
[Black "Hossa"]
[Result "0-1"]
[WhiteElo "2472"]
[BlackElo "2463"]
[PlyCount "124"]

1. c4 e5 2. Nc3 Nf6 3. Nf3 Nc6 4. g3 Bb4 5. Nd5 e4 6. Nh4 Bc5 7. Bg2 d6 8. O-O
Be6 9. Nxf6+ Qxf6 10. Bxe4 Bxc4 11. Qa4 d5 12. d3 dxe4 13. Qxc4 Qd4 14. Qb5 Qb4
15. Qxb4 Nxb4 16. dxe4 O-O-O 17. Nf3 Rhe8 18. e5 Nc6 19. Bg5 Rd7 20. Bf4 Nd4
21. Rfd1 Red8 22. Nxd4 Bxd4 23. Rdb1 Re8 24. e3 Bxe5 25. Bxe5 Rxe5 26. Rd1 Red5
27. Rxd5 Rxd5 28. Kg2 Rd2 29. b3 Kd7 30. Kf3 f5 31. h3 h5 32. b4 Ke6 33. h4 c6
34. a3 b6 35. Rc1 Kd6 36. Rc4 Kd5 37. Rc3 c5 38. Rc1 c4 39. a4 a6 40. a5 b5 41.
Kg2 Ke5 42. Rb1 Ke4 43. Ra1 Kd3 44. g4 c3 45. gxh5 c2 46. Rc1 Rd1 47. Rxc2 Kxc2
48. Kf3 Kc3 49. Kf4 Kxb4 50. Kxf5 Rd6 51. f3 Rh6 52. Kg5 Kxa5 53. Kf4 b4 54.
Ke4 b3 55. Kd3 Rb6 56. e4 b2 57. Ke3 b1=Q 58. Kf2 Qd1 59. f4 Rb2+ 60. Kg3 Rb3+
61. Kf2 Qd2+ 62. Kg1 Rb1# 0-1

[Event "ICS rated bullet match"]
[Site "204.178.125.65"]
[Date "2000.03.07"]
[Round "?"]
[White "Hossa"]
[Black "PostModernist"]
[Result "0-1"]
[WhiteElo "2479"]
[BlackElo "2456"]
[PlyCount "110"]

1. e4 c6 2. d4 Na6 3. Nf3 d6 4. Bf4 Qb6 5. Nbd2 Be6 6. Bxa6 Qxa6 7. a3 Nf6 8.
Ng5 O-O-O 9. f3 Qb5 10. b3 Kb8 11. c4 Qb6 12. Be3 g6 13. Bf2 Bh6 14. d5 Qa5 15.
h4 cxd5 16. cxd5 Bxg5 17. hxg5 Nxd5 18. b4 Qb5 19. a4 Qxb4 20. exd5 Bxd5 21.
Rh4 Qa5 22. Rc1 Be6 23. f4 Bd7 24. Qb3 Qxa4 25. Qxf7 Qa3 26. Rb1 Bf5 27. Rd1
Bc2 28. Rh3 Qb2 29. Nc4 Qb4+ 30. Rd2 Rdf8 31. Qd5 Rxf4 32. Rh4 Rxh4 33. Bxh4
Rc8 34. Bg3 Qxc4 35. Qa5 Bd3 36. Qa3 Qe4+ 37. Kd1 Qg4+ 38. Ke1 Qxg3+ 39. Rf2
Qe3+ 40. Kd1 Bc2+ 41. Rxc2 Qxa3 42. Rxc8+ Kxc8 43. Ke2 Kd7 44. Kd2 Ke6 45. g4
Ke5 46. Ke1 Qb4+ 47. Kf2 Qd2+ 48. Kf3 Qh2 49. Ke3 Qc2 50. Kf3 Qd2 51. Kg3 Ke4
52. Kh3 Qb2 53. Kg3 Qe2 54. Kh3 Kf4 55. Kh4 Qxg4# 0-1

[Event "ICS rated bullet match"]
[Site "204.178.125.65"]
[Date "2000.03.07"]
[Round "?"]
[White "PostModernist"]
[Black "Hossa"]
[Result "1-0"]
[WhiteElo "2473"]
[BlackElo "2462"]
[PlyCount "91"]

1. d4 Nf6 2. c4 e6 3. Nf3 b6 4. e3 Bb7 5. Bd3 Bb4+ 6. Nc3 O-O 7. O-O a5 8. Bd2
Bxf3 9. Qxf3 Nc6 10. Rfe1 a4 11. Qg3 a3 12. b3 e5 13. dxe5 Nh5 14. Qh3 g6 15.
Be2 Nxe5 16. f4 Nc6 17. Bxh5 gxh5 18. Qxh5 f5 19. Rad1 Qe8 20. Qxe8 Raxe8 21.
Nb5 Bc5 22. Nxc7 Re4 23. g3 Kf7 24. Kf1 Rc8 25. Nb5 Re7 26. Bc3 Rg8 27. Rd5 Kg6
28. Nd6 Bxd6 29. Rxd6+ Kh5 30. Rf6 Kg4 31. Kg2 Re6 32. h3+ Kh5 33. Rxf5+ Kh6
34. g4 Kg6 35. Rh5 Ne7 36. f5+ Nxf5 37. Rxf5 Ra8 38. h4 Re7 39. Rg5+ Kh6 40.
Rf1 Rg8 41. Rh5+ Kg6 42. Rf6+ Kg7 43. Rg5+ Kh8 44. Rf7+ Re5 45. Bxe5+ Rg7 46.
Rf8# 1-0

[Event "ICS rated bullet match"]
[Site "204.178.125.65"]
[Date "2000.03.07"]
[Round "?"]
[White "Hossa"]
[Black "PostModernist"]
[Result "0-1"]
[WhiteElo "2447"]
[BlackElo "2488"]
[PlyCount "56"]

1. d4 d5 2. c4 e6 3. Nc3 Be7 4. Nf3 Nf6 5. Bf4 c5 6. cxd5 exd5 7. Bxb8 Rxb8 8.
Qa4+ Bd7 9. Qxa7 Qc8 10. e3 b5 11. Ne5 Ra8 12. Qb6 Ra6 13. Nxd7 Rxb6 14. Nxb6
Qf5 15. Bxb5+ Kf8 16. O-O cxd4 17. exd4 Bd8 18. Nca4 Qf4 19. Rac1 g6 20. Rc8
Kg7 21. Rd1 Ng4 22. Rxd8 Qxf2+ 23. Kh1 Qf4 24. Kg1 Qe3+ 25. Kh1 Nf2+ 26. Kg1
Nxd1+ 27. Kh1 Qe1+ 28. Bf1 Qxf1# 0-1

[Event "ICS rated bullet match"]
[Site "204.178.125.65"]
[Date "2000.03.07"]
[Round "?"]
[White "carbide"]
[Black "Hossa"]
[Result "0-1"]
[WhiteElo "2286"]
[BlackElo "2410"]
[PlyCount "40"]

1. d4 d5 2. c4 e6 3. Nc3 Nf6 4. Nf3 Bb4 5. e3 Nbd7 6. Bd2 O-O 7. a3 Be7 8. Bd3
dxc4 9. Bxc4 Nb6 10. Bd3 c5 11. Qe2 cxd4 12. Nxd4 e5 13. Nb3 Be6 14. Bc2 Nc4
15. Bc1 Rc8 16. O-O Nxa3 17. bxa3 Rxc3 18. Bb2 Bc4 19. Qd1 Qxd1 20. Rfxd1 Rxc2
0-1

[Event "ICS rated bullet match"]
[Site "204.178.125.65"]
[Date "2000.03.07"]
[Round "?"]
[White "PostModernist"]
[Black "Hossa"]
[Result "1-0"]
[WhiteElo "2502"]
[BlackElo "2359"]
[PlyCount "133"]

1. c4 e5 2. Nc3 Nf6 3. Nf3 Nc6 4. e4 Bb4 5. d3 d6 6. g3 O-O 7. Bg2 Ne8 8. O-O
Bxc3 9. bxc3 f5 10. exf5 Bxf5 11. Nh4 Be6 12. Rb1 Rb8 13. f4 exf4 14. Bxf4 Qd7
15. Qa4 d5 16. Rbe1 Bf7 17. cxd5 Bxd5 18. Bxd5+ Qxd5 19. Qb3 Qxb3 20. axb3 Rd8
21. d4 Rd5 22. Nf3 Rb5 23. Nd2 Ra5 24. Be5 Ra2 25. Rxf8+ Kxf8 26. Re2 Na5 27.
Kg2 Kf7 28. Rf2+ Ke6 29. c4 Kd7 30. d5 Rc2 31. Kf3 g5 32. Ke3 Ke7 33. Rf5 h6
34. Kd3 Ra2 35. b4 Rxd2+ 36. Kxd2 Nxc4+ 37. Kd3 b5 38. Bd4 a5 39. bxa5 Nxa5 40.
Re5+ Kd7 41. Re6 c6 42. Rxh6 cxd5 43. Rg6 Nc4 44. Rxg5 Kc6 45. Rg6+ Kd7 46. h4
Ned6 47. h5 b4 48. Rg5 Kc6 49. h6 b3 50. h7 b2 51. Kc2 Nf7 52. Rh5 Kd6 53. Rf5
Nh8 54. Bxh8 Ne3+ 55. Kxb2 Nxf5 56. Bc3 Ne3 57. h8=Q Nc4+ 58. Kb3 Kc7 59. Qe8
Kd6 60. Bb4+ Kc7 61. Qe6 Kb8 62. Qd7 Nb6 63. Bd6+ Ka8 64. Qc7 Nd7 65. Qxd7 d4
66. Qc8+ Ka7 67. Bc5# 1-0

[Event "ICS rated bullet match"]
[Site "204.178.125.65"]
[Date "2000.03.07"]
[Round "?"]
[White "Hossa"]
[Black "PostModernist"]
[Result "0-1"]
[WhiteElo "2349"]
[BlackElo "2512"]
[PlyCount "162"]

1. e4 c6 2. d4 d5 3. Nc3 dxe4 4. Nxe4 Bf5 5. Ng3 Bg6 6. h4 h6 7. Nf3 Nd7 8. h5
Bh7 9. Bd3 Bxd3 10. Qxd3 Qc7 11. Bd2 e6 12. O-O-O O-O-O 13. Rde1 Ngf6 14. Rh4
Bd6 15. Ne2 Qb6 16. Qc4 Kb8 17. Nc3 g5 18. hxg6 fxg6 19. Qxe6 Bb4 20. Bxh6 Bxc3
21. bxc3 Qa6 22. Qd6+ Kc8 23. Bg5 Rhf8 24. Kb1 Qb5+ 25. Qb4 Qf5 26. Qa4 a6 27.
c4 Rde8 28. Rxe8+ Rxe8 29. Be3 Ne4 30. Qb3 g5 31. Rh6 g4 32. Nh4 Qa5 33. Kb2
Nb6 34. c3 Nxf2 35. Bxf2 Re2+ 36. Kb1 Rxf2 37. Rh8+ Kc7 38. a3 Qa4 39. Rh7+ Kb8
40. Qxa4 Nxa4 41. Kc1 Ra2 42. Rh8+ Ka7 43. c5 Rxa3 44. c4 Rc3+ 45. Kd2 Rxc4 46.
Nf5 Rb4 47. Ke3 Rb2 48. g3 Rb4 49. Rg8 a5 50. Rg7 Ka6 51. Rg8 b6 52. cxb6 Nxb6
53. Rg6 a4 54. Rxc6 a3 55. Rc2 Rb2 56. Rc1 a2 57. Ra1 Nd5+ 58. Ke4 Nb4 59. Ne3
Rb1 60. Nc2 Rxa1 61. Nxa1 Kb5 62. d5 Kc5 63. d6 Kxd6 64. Kd4 Nd5 65. Kc4 Ke5
66. Kb3 Ke4 67. Kxa2 Kf3 68. Nb3 Kxg3 69. Kb2 Kh3 70. Nd4 g3 71. Kb3 Nf4 72.
Nf3 g2 73. Kb2 Kg3 74. Nd4 g1=Q 75. Nb3 Qg2+ 76. Kc3 Qc6+ 77. Kd2 Nd5 78. Kd1
Kf2 79. Na1 Ne3+ 80. Kd2 Qc4 81. Nc2 Qxc2# 0-1

[Event "ICS rated bullet match"]
[Site "204.178.125.65"]
[Date "2000.03.07"]
[Round "?"]
[White "PostModernist"]
[Black "Hossa"]
[Result "1-0"]
[WhiteElo "2521"]
[BlackElo "2337"]
[PlyCount "89"]

1. d4 Nf6 2. c4 e6 3. Nf3 b6 4. g3 Ba6 5. b3 Bb4+ 6. Bd2 Be7 7. Nc3 O-O 8. e4
d5 9. cxd5 Bxf1 10. Kxf1 exd5 11. e5 Ne4 12. Qe2 Nxc3 13. Bxc3 c6 14. b4 a6 15.
Kg2 Kh8 16. Rhe1 Ra7 17. a4 Rb7 18. a5 bxa5 19. bxa5 Qd7 20. Kg1 Qh3 21. Rab1
Rd7 22. e6 Rdd8 23. Rb7 fxe6 24. Rxe7 Qg4 25. Nd2 Qf5 26. Rxe6 c5 27. dxc5 d4
28. Bb4 d3 29. Qe3 Qg4 30. Bc3 Rd7 31. Be5 Qb4 32. Rb6 Qg4 33. Rxb8 Rg8 34.
Rxg8+ Kxg8 35. c6 Rd5 36. Bd6 Qc8 37. Qe8+ Qxe8 38. Rxe8+ Kf7 39. c7 Rxd6 40.
c8=Q g6 41. Ne4 Rd5 42. Qe6+ Kg7 43. Rg8+ Kh6 44. Qxd5 g5 45. Qxg5# 1-0